[Event "Holiday Knockout"]
[Site "SchemingMind.com"]
[Date "2009.11.20"]
[Round "-"]
[White "Gammon"]
[Black "MOIMOI"]
[Result "0-1"]
[WhiteCountry "USA"]
[BlackCountry "POL"]
[WhiteElo "1416"]
[WhiteRD "47"]
[BlackElo "1604"]
[BlackRD "57"]
[GameID "227466"]

1. d4 e6 2. e4 d6 3. Nf3 g6 4. Nc3 b6 5. Bc4 Bb7 6. Be3 Ne7 7. Qd2 Bg7 8. O-O a6 9. a4 Nd7 10. Bg5 Nf6
11. Rae1 O-O 12. e5 Nh5 13. d5 f6 14. exf6 Nxf6 15. Nd4 e5 16. Nc6 Bxc6 17. dxc6+ Kh8 18. Nd5 Nxc6 19. Bh6 Ne4 20. Rxe4 Nd4
21. Be2 c6 22. Bxg7+ Kxg7 23. c3 Nxe2+ 24. Qxe2 cxd5 25. Rh4 Qxh4
0-1

[Event "Holiday Knockout"]
[Site "SchemingMind.com"]
[Date "2009.11.20"]
[Round "-"]
[White "MOIMOI"]
[Black "Gammon"]
[Result "1-0"]
[WhiteCountry "POL"]
[BlackCountry "USA"]
[WhiteElo "1604"]
[WhiteRD "57"]
[BlackElo "1416"]
[BlackRD "47"]
[GameID "227471"]

1. e4 e5 2. Bc4 Nf6 3. Qf3 c5 4. d3 Nc6 5. c3 Be7 6. Nh3 d6 7. Ng5 O-O 8. O-O Be6 9. Na3 a6 10. Bxe6 fxe6
11. Nxe6
1-0

[Event "Holiday Knockout"]
[Site "SchemingMind.com"]
[Date "2009.11.26"]
[Round "-"]
[White "lame wolf"]
[Black "Schaakmaatje"]
[Result "0-1"]
[WhiteCountry "INT"]
[BlackCountry "NED"]
[WhiteElo "1055"]
[WhiteRD "45"]
[BlackElo "1736"]
[BlackRD "50"]
[GameID "227663"]

1. Nf3 f5 2. d4 Nf6 3. e3 e6 4. Bd3 Be7 5. Qe2 O-O 6. Bd2 d6 7. e4 fxe4 8. Bxe4 Nxe4 9. Qxe4 Nc6 10. c3 d5
11. Qe2 Bd7 12. Ne5 Nxe5 13. dxe5 c5 14. O-O Rf5 15. Bc1 Bg5 16. Bxg5 Qxg5 17. Qe3 Qxe3 18. fxe3 Rxf1+ 19. Kxf1 Rf8+ 20. Ke2 Bb5+
21. Kd2 Rf2+ 22. Ke1 Rxg2 23. Nd2 Rg1+ 24. Nf1 Rxf1+
0-1

[Event "Holiday Knockout"]
[Site "SchemingMind.com"]
[Date "2009.11.26"]
[Round "-"]
[White "Schaakmaatje"]
[Black "lame wolf"]
[Result "1-0"]
[WhiteCountry "NED"]
[BlackCountry "INT"]
[WhiteElo "1736"]
[WhiteRD "50"]
[BlackElo "1055"]
[BlackRD "45"]
[GameID "227671"]

1. e4 c5 2. Nf3 d5 3. exd5 Qxd5 4. Nc3 Qd8 5. Bc4 e6 6. d3 Bd7 7. O-O Bc6 8. Bf4 Bd5 9. Bxd5 exd5 10. Nb5 b6
11. Nc7+ Kd7 12. Nxa8 Nc6 13. Nc7 Bd6 14. Bxd6 Kxd6 15. Nb5+ Kd7 16. Ng5 Qxg5 17. f4 Qe7 18. Qg4+ Kd8 19. Rae1 Qd7 20. Qxg7
1-0

[Event "Holiday Knockout"]
[Site "SchemingMind.com"]
[Date "2009.11.23"]
[Round "-"]
[White "Jonno"]
[Black "BigDaddy"]
[Result "1-0"]
[WhiteCountry "ENG"]
[BlackCountry "AUT"]
[WhiteElo "1379"]
[WhiteRD "99"]
[BlackElo "1289"]
[BlackRD "60"]
[GameID "227907"]

1. e4 c5 2. Nf3 e6 3. d4 cxd4 4. Nxd4 Nf6 5. Nc3 Bb4 6. e5 Bc5 7. exf6 Qxf6 8. Be3 e5 9. Ne4 Qf5 10. Nxf5 Bxe3
11. fxe3 d5 12. Ned6+ Kf8 13. Qxd5 Be6 14. Qa5 b6 15. Qxe5 Nd7 16. Qxg7#
1-0

[Event "Holiday Knockout"]
[Site "SchemingMind.com"]
[Date "2009.11.28"]
[Round "-"]
[White "mmccaffe"]
[Black "soundso"]
[Result "1/2-1/2"]
[WhiteCountry "USA"]
[BlackCountry "USA"]
[WhiteElo "1645"]
[WhiteRD "63"]
[BlackElo "1704"]
[BlackRD "73"]
[GameID "227914"]

1. e4 d5 2. exd5 Qxd5 3. Nc3 Qd6 4. Bc4 a6 5. d3 Nf6 6. Nf3 Bg4 7. h3 Bh5 8. Bg5 Nc6 9. Qd2 e6 10. g4 Bg6
11. O-O-O O-O-O 12. Rhe1 Nd4 13. Nxd4 Qxd4 14. Qe3 Bc5 15. Qxd4=
1/2-1/2

[Event "Holiday Knockout"]
[Site "SchemingMind.com"]
[Date "2009.11.23"]
[Round "-"]
[White "BigDaddy"]
[Black "Jonno"]
[Result "1-0"]
[WhiteCountry "AUT"]
[BlackCountry "ENG"]
[WhiteElo "1336"]
[WhiteRD "50"]
[BlackElo "1193"]
[BlackRD "70"]
[GameID "227915"]

1. e4 c5 2. Nf3 d6 3. d4 cxd4 4. Nxd4 Nf6 5. Nc3 e5 6. Nf3 Be7 7. Bb5+ Nc6 8. Bxc6+ bxc6 9. O-O O-O 10. Be3 Ng4
11. Qc1 f5 12. exf5 Bxf5 13. h3 Nxe3 14. Qxe3 Rb8 15. b3 d5 16. Nxe5 Rc8 17. Qf4 Bg5 18. Qd4 c5 19. Qxd5+ Qxd5 20. Nxd5 Be6
21. Nc3 Bf6 22. Rfe1 Rce8 23. Re3 Bg5 24. Rg3 Bf4 25. Rf3 Bc8 26. Re1 Bb7 27. Rd3 Bxe5 28. Nb5 Ba6 29. Nd6 Re7 30. Rde3 Bxd6
31. Rxe7 Bxe7 32. Rxe7 Bb7 33. Rxb7 a5 34. Rb5 Rc8 35. Rxa5 c4 36. b4 Rb8 37. b5 Kf7 38. a4 Ke6 39. Ra7 Kf6 40. Ra6+ Kf7
41. Rc6 Ra8 42. Rxc4 h5 43. Rf4+
1-0

[Event "Holiday Knockout"]
[Site "SchemingMind.com"]
[Date "2009.11.24"]
[Round "-"]
[White "somar96"]
[Black "memet"]
[Result "1-0"]
[WhiteCountry "POL"]
[BlackCountry "TUR"]
[WhiteElo "1914"]
[WhiteRD "62"]
[BlackElo "1624"]
[BlackRD "78"]
[GameID "228017"]

1. e4 e5 2. Nf3 Nc6 3. d4 exd4 4. Nxd4 Nxd4 5. Qxd4 c5 6. Qe5+ Ne7 7. Qxc5 Nc6 8. Qe3 Be7 9. Nc3 O-O 10. Bd2 Nb4
11. O-O-O a5 12. a3 Nc6 13. f4 b6 14. Bb5 Bb7 15. Nd5 Rc8 16. Bc3 Bc5 17. Qg3 f6 18. h4 Ne7 19. Nxf6+ Kh8 20. Rxd7 gxf6
21. Rxd8 Rfxd8 22. Bxf6#
1-0

[Event "Holiday Knockout"]
[Site "SchemingMind.com"]
[Date "2009.11.24"]
[Round "-"]
[White "memet"]
[Black "somar96"]
[Result "0-1"]
[WhiteCountry "TUR"]
[BlackCountry "POL"]
[WhiteElo "1624"]
[WhiteRD "78"]
[BlackElo "1914"]
[BlackRD "62"]
[GameID "228021"]

1. e4 d5 2. d4 dxe4 3. Bc4 Nf6 4. Nc3 e6 5. Bg5 c5 6. f3 cxd4 7. Nxe4 Be7 8. Bxf6 gxf6 9. c3 f5 10. Nf2 Nc6
11. Ne2 dxc3 12. Nxc3 Qxd1+ 13. Rxd1 a6 14. O-O b5 15. Bd3 Bb7 16. Rfe1 Rd8 17. Bc2 Rg8 18. Rd3 Rxd3 19. Bxd3 Nd4 20. Rd1 Nxf3+
21. Kf1 Nxh2+ 22. Ke2 Rxg2 23. Rc1 Ng4 24. Nd1 Bh4 25. Rc7 Bd5 26. Kf1 Nxf2 27. Nxf2 Rxf2+ 28. Kg1 Rxb2 29. Bf1 Bg3 30. Rc8+ Kd7
31. Rg8 Bh2#
0-1

[Event "Holiday Knockout"]
[Site "SchemingMind.com"]
[Date "2009.11.26"]
[Round "-"]
[White "Clive Everill"]
[Black "ibukuno"]
[Result "0-1"]
[WhiteCountry "CZE"]
[BlackCountry "NGR"]
[WhiteElo "1672"]
[WhiteRD "49"]
[BlackElo "1798"]
[BlackRD "86"]
[GameID "228111"]

1. e4 e5 2. Nc3 Nf6 3. f4 exf4 4. e5 Ng8 5. Nf3 d6 6. d4 g5 7. exd6 Bxd6 8. Bc4 g4 9. Qe2+ Qe7 10. Qxe7+ Nxe7
11. Ng5 O-O 12. Nge4 f3 13. gxf3 gxf3 14. Nxd6 cxd6 15. Bh6 Re8 16. O-O-O Be6 17. Rhg1+ Ng6 18. d5 Bh3 19. Bf1 f2 20. Rh1 Bg4
21. Bg2 Bxd1 22. Rxd1 Re1 23. Bd2 Rg1 24. Bh3 Na6 25. Be3 Rxd1+ 26. Kxd1 Re8 27. Bxf2 b6 28. Bg3 Ne5 29. Nb5 Nc4 30. b3 Ne3+
31. Kc1 Nxd5 32. Nxd6 Re2 33. c4 Nc3 34. a3 Nc5
0-1

[Event "Holiday Knockout"]
[Site "SchemingMind.com"]
[Date "2009.11.25"]
[Round "-"]
[White "Naoki_M"]
[Black "Quirine"]
[Result "0-1"]
[WhiteCountry "JPN"]
[BlackCountry "NED"]
[WhiteElo "1732"]
[WhiteRD "106"]
[BlackElo "1984"]
[BlackRD "88"]
[GameID "228112"]

1. c4 Nf6 2. Nf3 g6 3. b4 Bg7 4. Bb2 d6 5. e3 e5 6. d4 e4 7. Nfd2 O-O 8. Nc3 Re8 9. Be2 c6 10. O-O d5
11. c5 h5 12. Re1 Ng4 13. h3 Nh6 14. Nf1 Qh4 15. Ng3 f5 16. Bc1 Bf6 17. Bf1 Bd8 18. a3 Bc7 19. Nce2 Nd7 20. Nf4 Kh7
21. Be2 Nf6 22. Nfxh5 gxh5 23. Nxh5 Nxh5 24. Bxh5 Rg8 25. Kf1 f4 26. exf4 Bxh3 27. gxh3 Qxh3+ 28. Ke2 Qxh5+ 29. Kd2 Bxf4+ 30. Kc2 Qxd1+
31. Rxd1 Bxc1 32. Raxc1 Raf8 33. Rf1 Rg2 34. Kd2 Rfxf2+ 35. Rxf2 Rxf2+ 36. Ke1 Ra2 37. Rc3 Nf5
0-1

[Event "Holiday Knockout"]
[Site "SchemingMind.com"]
[Date "2009.11.26"]
[Round "-"]
[White "ibukuno"]
[Black "Clive Everill"]
[Result "1-0"]
[WhiteCountry "NGR"]
[BlackCountry "CZE"]
[WhiteElo "1798"]
[WhiteRD "86"]
[BlackElo "1672"]
[BlackRD "49"]
[GameID "228114"]

1. e4 d5 2. exd5 Qxd5 3. Nf3 Nf6 4. Nc3 Qa5 5. Bc4 Bg4 6. O-O e6 7. h3 Bh5 8. Re1 Nbd7 9. d4 O-O-O 10. Be2 Bb4
11. Bd2 c6 12. a3 Bd6 13. Nb5 Bh2+ 14. Kxh2 Qb6 15. Nd6+ Kb8 16. Nc4 Qa6 17. Qc1 Bxf3 18. gxf3 b5 19. Nd6 Rhf8 20. c4 Qb6
21. c5 Qa6 22. Qc2 Nd5 23. a4 Nxc5 24. dxc5 Rxd6 25. cxd6 Qb7 26. axb5 cxb5 27. Qb3 a6 28. Rec1 Qb6 29. Kg2 Qxd6 30. Bxb5 Nb6
31. Rxa6
1-0

[Event "Holiday Knockout"]
[Site "SchemingMind.com"]
[Date "2009.11.25"]
[Round "-"]
[White "Quirine"]
[Black "Naoki_M"]
[Result "1-0"]
[WhiteCountry "NED"]
[BlackCountry "JPN"]
[WhiteElo "1984"]
[WhiteRD "88"]
[BlackElo "1732"]
[BlackRD "106"]
[GameID "228115"]

1. d4 f5 2. g3 Nf6 3. Bg2 e6 4. c4 Be7 5. Nc3 O-O 6. Nh3 c6 7. O-O d5 8. b3 Bd7 9. f3 dxc4 10. bxc4 c5
11. d5 Re8 12. e4 exd5 13. cxd5 Bd6 14. Re1 Be5 15. Bb2 Bd4+ 16. Nf2 Na6 17. Kf1 fxe4 18. fxe4 Be5 19. Bf3 b5 20. Qc2 b4
21. Ncd1 Bb5+ 22. Kg2 Qd6 23. Nd3 Bxd3 24. Qxd3 Rac8 25. Bxe5 Rxe5 26. Ne3 c4 27. Nxc4 Rxc4 28. Qxc4 Kf7 29. Rac1 Ne8 30. Qc6 Qxc6
31. Rxc6 Nb8 32. Rc8 Nd7 33. Rb1 a5 34. Ra8 Nef6 35. Rxa5 Nxe4 36. Rxb4 Ndc5 37. a4 Ke7 38. Ra7+ Kd6 39. Rxg7 Kxd5 40. a5
1-0

[Event "Holiday Knockout"]
[Site "SchemingMind.com"]
[Date "2009.12.12"]
[Round "-"]
[White "Schaakmaatje"]
[Black "ibukuno"]
[Result "0-1"]
[WhiteCountry "NED"]
[BlackCountry "NGR"]
[WhiteElo "1715"]
[WhiteRD "50"]
[BlackElo "1803"]
[BlackRD "90"]
[GameID "229914"]

1. e4 e5 2. Nc3 Nf6 3. d3 Bb4 4. Bd2 d6 5. Be2 O-O 6. a3 Ba5 7. Nf3 Nc6 8. h3 h6 9. O-O a6 10. Na2 Bb6
11. Nb4 Nd4 12. c3 Nxe2+ 13. Qxe2 Nh7 14. Nd5 Ba7 15. Be3 Bxe3 16. Nxe3 f5 17. exf5 Bxf5 18. Nxf5 Rxf5 19. Nd2 Qf6= 20. Ne4 Qg6
21. Ng3 Rg5 22. Qe4 Qe6 23. Rae1 Nf6 24. Qxb7 Rf8 25. Qxa6 h5 26. Qa4 Qe7 27. Re3 Nd5 28. Qc4 c6 29. Re2 Kh8 30. Qxc6 Nf4
31. Qe4 h4 32. Re3 hxg3 33. Rxg3 Qf6 34. Rxg5 Qxg5 35. Kh2 d5= 36. Qf3 Qf5 37. Rd1 e4 38. dxe4 dxe4 39. Qg3 Nd3 40. Rd2 Nxf2
41. Rd6 Re8 42. Rg6 Re7 43. Qh4+ Kg8 44. Rd6 Qe5+ 45. Qg3 Qxg3+ 46. Kxg3 e3
0-1

[Event "Holiday Knockout"]
[Site "SchemingMind.com"]
[Date "2009.12.12"]
[Round "-"]
[White "ibukuno"]
[Black "Schaakmaatje"]
[Result "1-0"]
[WhiteCountry "NGR"]
[BlackCountry "NED"]
[WhiteElo "1833"]
[WhiteRD "87"]
[BlackElo "1680"]
[BlackRD "47"]
[GameID "229921"]

1. e4 e6 2. d4 d5 3. exd5 exd5 4. Nf3 Bd6 5. Bd3 Ne7 6. O-O O-O 7. c3 Bf5 8. Bg5 f6 9. Be3 c6 10. Nh4 Qd7
11. Nxf5 Nxf5 12. Nd2 Nxe3 13. fxe3 Qe7 14. Rf3 Nd7 15. Rh3 f5 16. Qf3 f4 17. Bxh7+ Kf7 18. Qh5+
1-0

[Event "Holiday Knockout"]
[Site "SchemingMind.com"]
[Date "2010.01.03"]
[Round "-"]
[White "MOIMOI"]
[Black "somar96"]
[Result "0-1"]
[WhiteCountry "POL"]
[BlackCountry "POL"]
[WhiteElo "1597"]
[WhiteRD "54"]
[BlackElo "1896"]
[BlackRD "57"]
[GameID "233209"]

1. Nf3 d5 2. c4 d4 3. c5 Nf6 4. Qa4+ Nc6 5. b4 Bg4 6. Ne5 Bd7 7. Nxc6 Bxc6 8. b5 Bd7 9. c6 bxc6 10. bxc6 Bf5
11. Bb2 e5 12. Ba3 Bxa3 13. Qxa3 Qe7 14. Qxe7+ Kxe7 15. d3 Kd6 16. e4 dxe3 17. fxe3 Kxc6 18. Na3 Be6 19. Be2 Rhd8 20. O-O Kd7
21. Nb5 a6 22. Nc3 Ke7 23. Na4 Nd5 24. Kf2 f6 25. Bf3 Rab8 26. Bxd5 Rxd5 27. Rfd1 Ra5 28. Nc3 Ra3 29. Rdc1 Rb2+ 30. Kf3 h5
31. h3 g5 32. e4 Rb7 33. Ke3 Ra5 34. a4 Kd6 35. Rab1 Rb6 36. Rd1 Rc5 37. Kd2 h4 38. Ne2 Bb3 39. Rdc1 Rxc1 40. Nxc1 Bxa4
41. Ra1 Bb5 42. Ne2 c6 43. Rb1 a5 44. Nc3 Kc5 45. Ke3 a4 46. Rc1 Kd6 47. d4 exd4+ 48. Kxd4 a3 49. Ra1 Ra6 50. Ke3 Kc5
51. e5 fxe5 52. Ne4+ Kb6 53. Nxg5 a2 54. Kd2 Bc4 55. Kc3 Bd5 56. g4 Ra3+ 57. Kb2 Rg3 58. Re1 e4 59. Nxe4 Rxh3 60. g5 Rh2+
61. Ka1 h3 62. Nc3 Rg2 63. Nxd5+ cxd5 64. Rh1 h2
0-1

[Event "Holiday Knockout"]
[Site "SchemingMind.com"]
[Date "2010.01.03"]
[Round "-"]
[White "somar96"]
[Black "MOIMOI"]
[Result "1-0"]
[WhiteCountry "POL"]
[BlackCountry "POL"]
[WhiteElo "1890"]
[WhiteRD "56"]
[BlackElo "1568"]
[BlackRD "51"]
[GameID "233210"]

1. e4 b6 2. d4 e6 3. Nc3 Bb4 4. Bd3 Bxc3+ 5. bxc3 Ba6 6. Qg4 g6 7. Bg5 f6 8. Be3 Bb7 9. h4 Qe7 10. h5 f5
11. exf5 gxf5 12. Qg3 d6 13. h6 Nd7 14. Qg7 O-O-O 15. Qxh8 Bxg2 16. Rh2 Be4 17. Qg7 Qxg7 18. hxg7 Ndf6 19. Ne2 e5 20. O-O-O f4
21. Bd2 Bxd3 22. cxd3 Rd7 23. dxe5 dxe5 24. d4 f3 25. Ng3 exd4 26. cxd4 Rxg7 27. Re1 Ng4 28. Rh4 Nxf2 29. Rf1 Nd3+ 30. Kc2 Rxg3
31. Kxd3 Nf6 32. Bf4 f2+ 33. Bxg3
1-0

[Event "Holiday Knockout"]
[Site "SchemingMind.com"]
[Date "2010.01.25"]
[Round "-"]
[White "BigDaddy"]
[Black "maro"]
[Result "1-0"]
[WhiteCountry "AUT"]
[BlackCountry "MEX"]
[WhiteElo "1340"]
[WhiteRD "51"]
[BlackElo "1297"]
[BlackRD "54"]
[GameID "236390"]

1. e4 e5 2. Nf3 Bc5 3. Bc4 Nh6 4. d4 exd4 5. Nxd4 O-O 6. Bxh6 gxh6 7. Qg4+ Qg5 8. Qxg5+ hxg5 9. Nb5 Bb6 10. N1c3 a6
11. Nd5 axb5 12. Nxb6 Ra6 13. Nxc8 bxc4 14. Ne7+ Kh8 15. Nd5 g4 16. Nxc7 Rc6 17. Nd5 Re6 18. Nc3 f5 19. O-O fxe4 20. Nd5 Rf5
21. Ne3 Rf7 22. Nxg4 d5 23. Rfd1 h5 24. Ne3 Ref6 25. Rf1 d4 26. Nxc4 Nc6 27. Rae1 Re6 28. Nd2 d3 29. cxd3
1-0

[Event "Holiday Knockout"]
[Site "SchemingMind.com"]
[Date "2010.01.25"]
[Round "-"]
[White "maro"]
[Black "BigDaddy"]
[Result "0-1"]
[WhiteCountry "MEX"]
[BlackCountry "AUT"]
[WhiteElo "1297"]
[WhiteRD "54"]
[BlackElo "1340"]
[BlackRD "51"]
[GameID "236399"]

1. e4 c5 2. d4 cxd4 3. Qxd4 Nc6 4. Qa4 Nf6 5. Bc4 e6 6. Bd2 d5 7. exd5 exd5 8. Bb3 a6 9. c4 Qd7 10. cxd5 Nxd5
11. Qe4+ Nde7 12. Bxf7+ Kxf7 13. Qc4+ Qe6+ 14. Qxe6+ Bxe6 15. Ne2 Nf5 16. O-O Bc4 17. Nbc3 Bb4 18. a3 Bxe2 19. Rfe1 Bxc3 20. Bxc3 Ncd4
21. f3 Nc2
0-1

[Event "Holiday Knockout"]
[Site "SchemingMind.com"]
[Date "2010.02.08"]
[Round "-"]
[White "soundso"]
[Black "Quirine"]
[Result "0-1"]
[WhiteCountry "USA"]
[BlackCountry "NED"]
[WhiteElo "1774"]
[WhiteRD "82"]
[BlackElo "2020"]
[BlackRD "90"]
[GameID "237753"]

1. c4 Nf6 2. Nf3 g6 3. Nc3 Bg7 4. g3 O-O 5. Bg2 d6 6. O-O e5 7. d3 Nc6 8. Bg5 h6 9. Bd2 Be6 10. Qb3 Rb8
11. Rad1 a6 12. Nd5 Nd7 13. e4 b5 14. Qc3 bxc4 15. dxc4 Nc5 16. Rfe1 Na4 17. Qc2 Nc5 18. b3 f5 19. Nh4 Kh7 20. f4 Nd4
21. Qc3 exf4 22. Qc1 Nd3 23. Qa3 Nxe1 24. Bxe1 c6 25. Nxf4 Bf7 26. Nf3 Nc2 27. Qxd6 Qxd6 28. Rxd6 fxe4
0-1

[Event "Holiday Knockout"]
[Site "SchemingMind.com"]
[Date "2010.02.08"]
[Round "-"]
[White "Quirine"]
[Black "soundso"]
[Result "1-0"]
[WhiteCountry "NED"]
[BlackCountry "USA"]
[WhiteElo "2057"]
[WhiteRD "85"]
[BlackElo "1749"]
[BlackRD "81"]
[GameID "237758"]

1. d4 Nf6 2. Nf3 g6 3. c4 Bg7 4. Nc3 d5 5. cxd5 Nxd5 6. e4 Nxc3 7. bxc3 c5 8. Be3 O-O 9. Bc4 Nc6 10. O-O Bg4
11. d5 Ne5 12. Be2 Nxf3+ 13. Bxf3 Bxf3 14. Qxf3 Bxc3 15. Rac1 Qa5 16. Bxc5 Qxc5 17. Rxc3 Qa5 18. Rc2 Rac8 19. Rb2 Rc7 20. g3 Rfc8
21. Kg2 b6 22. Rd1 Rc2 23. Qb3 R2c3 24. Qb4 Qxb4 25. Rxb4 R3c4 26. Rdb1 Rc2= 27. R1b2 Rxb2 28. Rxb2 Kg7 29. Kf3 Kf6 30. Ke3 g5
31. Kd4 e5+ 32. Kd3 g4 33. a4 Rb8 34. Rc2 Rb7 35. Rc6+ Ke7 36. Kc4 Kd7 37. Kb5 Rc7 38. Rxc7+ Kxc7 39. Ka6 Kb8 40. d6
1-0

[Event "Holiday Knockout"]
[Site "SchemingMind.com"]
[Date "2010.03.15"]
[Round "-"]
[White "ibukuno"]
[Black "somar96"]
[Result "1-0"]
[WhiteCountry "NGR"]
[BlackCountry "POL"]
[WhiteElo "1867"]
[WhiteRD "88"]
[BlackElo "1781"]
[BlackRD "65"]
[GameID "242058"]

1. e4 c5 2. Nf3 e6 3. d4 cxd4 4. Nxd4 a6 5. Nc3 b5 6. a3 Bb7 7. Be2 Nc6 8. Be3 d6 9. O-O Nf6 10. h3 Be7
11. Bd3 O-O 12. Nde2 Rc8 13. f4 Qc7 14. Ng3 Rfd8 15. Nh5 Na5 16. Nxf6+ Bxf6 17. Qh5 g6 18. Qg4 Nc4 19. Bxc4 Qxc4 20. f5 exf5
21. exf5 Qxg4 22. hxg4 Bxc3 23. bxc3 Rxc3 24. Bg5 Re8 25. Rf2
1-0

[Event "Holiday Knockout"]
[Site "SchemingMind.com"]
[Date "2010.03.16"]
[Round "-"]
[White "somar96"]
[Black "ibukuno"]
[Result "0-1"]
[WhiteCountry "POL"]
[BlackCountry "NGR"]
[WhiteElo "1781"]
[WhiteRD "65"]
[BlackElo "1867"]
[BlackRD "88"]
[GameID "242070"]

1. e4 e5 2. Nf3 Nc6 3. d4 exd4 4. Bc4 Bb4+ 5. c3 dxc3 6. Nxc3 Bxc3+ 7. bxc3 Qf6 8. O-O Nge7 9. Qd3 O-O 10. Bg5 Qg6
11. Rad1 d6 12. Bf4 Bg4 13. Bb3 Qh5 14. Qe3 Ng6 15. Bg3 Na5 16. Bd5 Nh4 17. Bxf7+ Qxf7 18. Nxh4 Bxd1 19. Rxd1 Qxa2 20. Nf5 Qf7
21. Rd5 Nc6 22. Qg5 Qf6 23. Qg4 Qxc3 24. h4 Qf6
0-1

[Event "Holiday Knockout"]
[Site "SchemingMind.com"]
[Date "2010.07.12"]
[Round "-"]
[White "Quirine"]
[Black "ibukuno"]
[Result "0-1"]
[WhiteCountry "NED"]
[BlackCountry "NGR"]
[WhiteElo "1996"]
[WhiteRD "82"]
[BlackElo "1870"]
[BlackRD "81"]
[GameID "254078"]

1. d4 d5 2. Nf3 Nf6 3. c4 e6 4. Nc3 Bd6 5. Bg5 c6 6. e3 Bb4 7. Rc1 Nbd7 8. Bd3 Qa5 9. Bxf6 Nxf6 10. a3 Bxc3+
11. Rxc3 dxc4 12. Bc2 Nd5 13. Qd2 Nxc3 14. Qxc3 Qxc3+ 15. bxc3 b5 16. Ne5 Bb7 17. Kd2 f6 18. Nf3 Kf7 19. Rb1 h6 20. a4 a6
21. e4 Rhd8 22. Ke3 Rab8 23. Nd2 Ba8 24. f4 a5 25. g3 Rb7 26. e5 fxe5 27. fxe5 Ke7 28. Be4 Rbb8 29. axb5 cxb5 30. Bxa8 Rxa8
31. Rxb5 Rdc8 32. Rb2 a4 33. Ra2 Kd7 34. Ke2 Ke7 35. Kd1 Kf7 36. Kc2 Kg6 37. Ra1 a3 38. Ra2 Rc7 39. Nb1 Rf7 40. Rxa3 Rf2+
41. Kd1 Rb8 42. Nd2 Rb2
0-1

[Event "Holiday Knockout"]
[Site "SchemingMind.com"]
[Date "2010.07.09"]
[Round "-"]
[White "ibukuno"]
[Black "Quirine"]
[Result "0-1"]
[WhiteCountry "NGR"]
[BlackCountry "NED"]
[WhiteElo "1870"]
[WhiteRD "81"]
[BlackElo "1996"]
[BlackRD "82"]
[GameID "254083"]

1. e4 e6 2. Nf3 d5 3. exd5 exd5 4. d4 Bd6 5. Bd3 h6 6. O-O Qf6 7. Re1+ Ne7 8. Ne5 O-O 9. c3 c5 10. f4 Nbc6
11. Be3 cxd4 12. cxd4 Bf5 13. Nc3 Rfe8 14. Nb5 Bb8 15. g4 Bxd3 16. Qxd3 a6 17. Nd7 Qe6 18. Nxb8 Qxg4+ 19. Kf2 Raxb8 20. Nc3 Rbd8
21. Rh1 Nf5 22. Rae1 Nxe3 23. Rxe3 Qxf4+ 24. Rf3 Qh4+ 25. Kg2 Nxd4 26. Rhf1 Nxf3 27. Qxf3 Qg5+ 28. Kh1 Re7
0-1